O čom vypovedá finančná štruktúra podniku?

Delenie kapitálu podniku na vlastný a cudzí kapitál. Finančná štruktúra podniku ako podiel vlastného a cudzieho kapitálu na celkovom kapitále podniku. Vhodný pomer vlastného a cudzieho kapitálu ovplyvňený determinantmi ako sú: náklady vlastného a cudzieho kapitálu, náklady finančných ťažkostí, majet...

Full description

Saved in:
Bibliographic Details
Main Author: Markovič, Peter, 1974-
Format: Book Chapter
Language:Slovak
Subjects:
Tags: Add Tag
No Tags, Be the first to tag this record!

MARC

LEADER 00000naa$a2200000$$$4500
001 0089125
005 20240502072009.5
041 0 |a slo 
044 |a SK 
245 1 0 |a O čom vypovedá finančná štruktúra podniku?  |c Peter Markovič 
520 |a Delenie kapitálu podniku na vlastný a cudzí kapitál. Finančná štruktúra podniku ako podiel vlastného a cudzieho kapitálu na celkovom kapitále podniku. Vhodný pomer vlastného a cudzieho kapitálu ovplyvňený determinantmi ako sú: náklady vlastného a cudzieho kapitálu, náklady finančných ťažkostí, majetková štruktúra podniku a stav finančného trhu. Praktický príklad aktuálnej štruktúry celkového kapitálu podniku. Výpočet nákladov celkového kapitálu akciovej spoločnosti. 
610 2 0 |a financovanie 
610 2 0 |a štruktúra podniku finančná 
610 2 0 |a kapitál cudzí 
610 2 0 |a kapitál finančný 
610 2 0 |a kapitál vlastný 
610 2 0 |a úver bankový 
610 2 0 |a náklady 
610 2 0 |a manažment finančný 
100 1 |a Markovič, Peter, 1974-